MARC details
| 000 -LEADER |
| fixed length control field |
03029nam a2200373Ka 4500 |
| 001 - CONTROL NUMBER |
| control field |
bslw06330852 |
| 003 - CONTROL NUMBER IDENTIFIER |
| control field |
UtOrBLW |
| 005 - DATE AND TIME OF LATEST TRANSACTION |
| control field |
20210303085423.0 |
| 006 - FIXED-LENGTH DATA ELEMENTS--ADDITIONAL MATERIAL CHARACTERISTICS |
| fixed length control field |
m d |
| 007 - PHYSICAL DESCRIPTION FIXED FIELD--GENERAL INFORMATION |
| fixed length control field |
cr un||||||||| |
| 008 - FIXED-LENGTH DATA ELEMENTS--GENERAL INFORMATION |
| fixed length control field |
101115s2001 enk o 001 0 eng d |
| 020 ## - INTERNATIONAL STANDARD BOOK NUMBER |
| International Standard Book Number |
9781849500029 (electronic bk.) : |
| Terms of availability |
£72.95 ; €103.95 ; $129.95 |
| 040 ## - CATALOGING SOURCE |
| Original cataloging agency |
UtOrBLW |
| Transcribing agency |
UtOrBLW |
| 050 #4 - LIBRARY OF CONGRESS CALL NUMBER |
| Classification number |
Z665 |
| Item number |
.A38 2001 |
| 072 #7 - SUBJECT CATEGORY CODE |
| Subject category code |
GL |
| Source |
bicssc |
| 072 #7 - SUBJECT CATEGORY CODE |
| Subject category code |
LIB |
| Source |
bicssc |
| 072 #7 - SUBJECT CATEGORY CODE |
| Subject category code |
LAN025000 |
| Source |
bisacsh |
| 080 ## - UNIVERSAL DECIMAL CLASSIFICATION NUMBER |
| Universal Decimal Classification number |
02 |
| 082 04 - DEWEY DECIMAL CLASSIFICATION NUMBER |
| Classification number |
020 |
| Edition number |
22 |
| 245 00 - TITLE STATEMENT |
| Title |
Advances in librarianship. |
| Number of part/section of a work |
Vol. 25 |
| Medium |
[electronic resource] / |
| Statement of responsibility, etc. |
edited by Frederick C. Lynden. |
| 260 ## - PUBLICATION, DISTRIBUTION, ETC. |
| Place of publication, distribution, etc. |
Bingley, U.K. : |
| Name of publisher, distributor, etc. |
Emerald, |
| Date of publication, distribution, etc. |
2001. |
| 300 ## - PHYSICAL DESCRIPTION |
| Extent |
1 online resource (xiii, 260 p.). |
| 490 0# - SERIES STATEMENT |
| Series statement |
Advances in librarianship, |
| International Standard Serial Number |
0065-2830 |
| 500 ## - GENERAL NOTE |
| General note |
Includes index. |
| 505 0# - FORMATTED CONTENTS NOTE |
| Formatted contents note |
Information literacy for undergraduates : where have we been and where are we going? / Marybeth McCartin, Paula Feid -- Quality assessment measures in libraries / Danuta A. Nitecki -- Enhancing access and progressing the collaborative agenda : the UK research support libraries programme / Ronald Milne -- Reinventing the treasure room : the role of special collections librarianship in the 21st century / Jonathan B. Bengtson -- The development of public libraries in Denmark since 1964 / Ole Harbo -- Acquisitions reengineering / Thger Kristensen -- New information technologies in Russian libraries / Evgeny Kuz'min -- Information ethics / Martha Smith -- Collection evaluation : new measures for a new environment / G.E. Gorman, Ruth H. Miller -- Evaluating academic library quality today / Susan L. Perry, David C. Weber. |
| 520 ## - SUMMARY, ETC. |
| Summary, etc. |
Critically acclaimed since its inception, Advances in Librarianship continues to be the essential reference source for developments in the field of libraries and library science. Articles published in the series have won national prizes, such as the Blackwell North America Scholarship Award for the outstanding 1994 monograph, article, or original paper in the field of acquisitions, collection, development, and related areas of resource development. All areas of public, college, university, primary and secondary schools, and special libraries are given up-to-date, critical analysis by experts engaged in the practice of librarianship, in teaching, and in research. Throughout all of the chapters of this 25th volume of Advances in Librarianship runs a thread of technology that is now embraced by libraries of every nation and type. It is clear that libraries are sharing technological developments everywhere in the world, from Russia to New Zealand. Not only are rare book librarians using technology but funding agencies are supporting its spread as well. |
| 588 0# - SOURCE OF DESCRIPTION NOTE |
| Source of description note |
Print version record |
| 650 #0 - SUBJECT ADDED ENTRY--TOPICAL TERM |
| Topical term or geographic name entry element |
Library science. |
| 650 #0 - SUBJECT ADDED ENTRY--TOPICAL TERM |
| Topical term or geographic name entry element |
Information science. |
| 700 1# - ADDED ENTRY--PERSONAL NAME |
| Personal name |
Lynden, Frederick C. |
| 776 1# - ADDITIONAL PHYSICAL FORM ENTRY |
| International Standard Book Number |
9780120246250 |
| 856 40 - ELECTRONIC LOCATION AND ACCESS |
| Uniform Resource Identifier |
<a href="https://www.emerald.com/insight/publication/doi/10.1016/S0065-2830(2001)25">https://www.emerald.com/insight/publication/doi/10.1016/S0065-2830(2001)25</a> |
| 913 ## - |
| -- |
BMEbacklist |